Statistics for 2020 Emmy Nominations and Winners (Programs)

Click here to take the quiz!

General Stats

  • This quiz has been taken 21 times
  • The average score is 13 of 39

Answer Stats

HintAnswer% Correct
HBOSuccession
76%
Pop TvSchitt's Creek
71%
AmazonThe Marvelous Mrs. Maisel
71%
HBOWatchmen
71%
NetflixOzark
65%
NBCSaturday Night Live
65%
HuluThe Handmaid's Tale
59%
Disney+The Mandalorian
59%
AMCBetter Call Saul
53%
NBCThe Good Place
53%
BBC AmericaKilling Eve
47%
FXMrs. America
47%
NetflixThe Crown
41%
NetflixUnorthodox
41%
NetflixDead to Me
35%
NetflixStranger Things
35%
NetflixUnbelievable
35%
HBOA Black Lady Sketch Show
29%
HBOBad Education
29%
HBOCurb Your Enthusiasm
29%
HBOInsecure
29%
VH1Rupaul's Drag Race
29%
NBCThe Voice
29%
BravoTop Chef
29%
HuluLittle Fires Everywhere
24%
NetflixNailed It!
24%
FXWhat We Do in the Shadows
24%
NetflixEl Camino: A Breaking Bad Movie
18%
HBOLast Week Tonight with John Oliver
18%
NetflixThe Kominsky Method
18%
FoxThe Masked Singer
18%
Comedy CentralDrunk History
12%
TBSFull Frontal with Samantha Bee
12%
ABCJimmy Kimmel Live!
12%
Comedy CentralThe Daily Show with Trevor Noah
12%
NetflixAmerican Son
6%
CBSThe Late Show with Steven Colbert
6%
NetflixDolly Parton's Heartstrings: These Old Bones
0%
NetflixUnbreakable Kimmy Schmidt: Kimmy vs. The Reverend
0%

Score Distribution

Percentile by Number Answered

Percent of People with Each Score

Your Score History

You have not taken this quiz